| 000 | 00421nam a2200157Ia 4500 | ||
|---|---|---|---|
| 008 | 230312s9999||||xx |||||||||||||| ||und|| | ||
| 020 | _a0-13-632860-1 | ||
| 082 |
_a658.802 _bKER |
||
| 100 | _aRoger A. Kerin | ||
| 245 | 0 | _aStrategic Marketing Problems | |
| 260 |
_bPrentice Hall _aNew Jersey _c1998 |
||
| 300 | _a723 | ||
| 546 | _aEng. | ||
| 650 |
_aManagement _vFoundations of Strategic Marketing Management |
||
| 942 | _cBK | ||
| 999 |
_c168 _d168 |
||